| 000 | 00549nam a22001697a 4500 | ||
|---|---|---|---|
| 008 | 120721t xxu||||| |||| 00| 0 spa d | ||
| 020 | _a84-7738-416-9 | ||
| 040 |
_aAR-FvUNAJ _dAR-FvUNAJ _eaacr2 |
||
| 082 | 1 | 4 |
_214 _a604.2 |
| 100 | 1 |
_aFélez, Jesús _9129 |
|
| 245 | 1 | 0 |
_aFundamentos de ingeniería gráfica / _cJesús Félez, María Luisa Martínez, José María Cabanellas, Antonio Carretero |
| 260 |
_aMadrid : _bSíntesis, _c2005. |
||
| 300 | _a445 p. | ||
| 650 |
_2unescot _aDIBUJO TECNICO _9128 |
||
| 650 | 1 | 4 |
_aPROGRAMA CAD _9130 |
| 942 |
_2ddc _cLIBRO |
||
| 999 |
_c39 _d39 |
||
| 980 |
_82 _gVirginia Figueroa |
||